000 00687nam a2200217 i 4500
001 bg
245 0 0 _aKatalog nakładów rzeczowych nr 2-01, Budowle i roboty ziemne /
_cWACETOB-PZITB Ośrodek Kosztorysowania Robót Budowlanych.
254 _aKNR 2-01
260 _aWarszawa :
_bIGM,
_c1997.
300 _a226 s. ;
_crys. +
_e16 x 23 cm.
650 9 _aCeny
_xbudownictwo
650 9 _aKalkulacja kosztów
_xbudownictwo
020 _a83716510248
040 _cBPK
041 0 _apl
080 _a624.1:69.003.12:338.5](083.1)
920 _a83-71651-024-8
942 _cKA
008 s pl f |000 0 pol
999 _c24313
_d24313
856 _uhttp://koha.tu.koszalin.pl/cgi-bin/koha/opac-detail.pl?biblionumber=24313
_yKatalog online BPK